000 00502cam a2200181 4500500
005 20251228094926.0
041 _afre
042 _adc
100 1 0 _aBaretto, Lima
_eauthor
245 0 0 _aO homem que sabia javanês
260 _c2010.
500 _a34
520 _aNouvelle.
520 _aShort story.
520 _aConto.
786 0 _nSigila | 26 | 2 | 2010-10-01 | p. 115-124 | 1286-1715
856 4 1 _uhttps://shs.cairn.info/revue-sigila-2010-2-page-115?lang=fr&redirect-ssocas=7080
999 _c1605070
_d1605070